| 000 | 00689cab a2200205 4500 | ||
|---|---|---|---|
| 001 | ABS40265 | ||
| 008 | 090401t1989 xxu||||| |||| 00| 0 eng d | ||
| 035 | _a(Sirsi) u22645 | ||
| 041 | _aeng | ||
| 100 | _aFowler, D. | ||
| 245 | _aGently does it | ||
| 260 | _c1989 | ||
| 350 | _a0 | ||
| 490 |
_aNew Civil Engineer _v(822) 12 January 1989, 30-32(3) |
||
| 520 | _aDescribes how BP have successfully overcome environmental constraints, strong local opposition and over 300 planning conditions imposed by Dorset County Council , to expand the onshore oilfield site at Wytch Farm Dorset. | ||
| 650 | _aOIL | ||
| 690 | _aPLANNING LAW AND PRACTICE | ||
| 942 | _n0 | ||
| 948 | _c04/03/1997 | ||
| 999 |
_c15178 _d15178 |
||